Central Library OPAC University of Rajshahi

রবীন্দ্র-রচনায় আইনি ভাবনা / (Record no. 39522)

MARC details
000 -LEADER
fixed length control field 01043nam a2200241 a 4500
001 - CONTROL NUMBER
control field 39522
003 - CONTROL NUMBER IDENTIFIER
rucl marc code BD-RjUL
005 - DATE AND TIME OF LATEST TRANSACTION
control field 20211209053016.0
008 - FIXED-LENGTH DATA ELEMENTS--GENERAL INFORMATION
fixed length control field 160412t2002 bg ||||| |||| 00| 0 ben d
020 ## - INTERNATIONAL STANDARD BOOK NUMBER
International Standard Book Number 9840502484
Terms of availability : Tk.150.00
035 ## - SYSTEM CONTROL NUMBER
System control number (BD-RjUL)39635
040 ## - CATALOGING SOURCE
Original cataloging agency BD-RjUL
Language of cataloging ben
Transcribing agency BD-RjUL
041 ## - LANGUAGE CODE
Language code of text/sound track or separate title ben
082 ## - DEWEY DECIMAL CLASSIFICATION NUMBER
Edition number 23
Author mark and year RAB 2002
Classification number 891.44409
100 ## - MAIN ENTRY--PERSONAL NAME
Personal name রহমান, মুহাম্মদ হাবিবুর
9 (RLIN) 121457
245 10 - TITLE STATEMENT
Title রবীন্দ্র-রচনায় আইনি ভাবনা /
Statement of responsibility, etc. মুহাম্মদ হাবিবুর রহমান
260 ## - PUBLICATION, DISTRIBUTION, ETC. (IMPRINT)
Place of publication, distribution, etc. ঢাকা :
Name of publisher, distributor, etc. ইউনিভার্সিটি প্রেস লিমিটেড,
Date of publication, distribution, etc. ২০০২
300 ## - PHYSICAL DESCRIPTION
Pagination [৮], ১৪৭ পৃ. ;
Size ২২ সেমি.
500 ## - GENERAL NOTE
General note নির্ঘন্ট সংযুক্ত
650 ## - SUBJECT ADDED ENTRY--TOPICAL TERM
Topical term or geographic name as entry element বাংলা প্রবন্ধ
Form subdivision ইতিহাস ও সমালোচনা
9 (RLIN) 119946
Topical term or geographic name as entry element Bengali Essays
9 (RLIN) 133622
Form subdivision History and Criticism
942 ## - ADDED ENTRY ELEMENTS (KOHA)
Source of classification or shelving scheme Dewey Decimal Classification
Koha item type Books
Holdings
Lost status Source of classification or shelving scheme Damaged status Not for loan Collection code Permanent Location Current Location Shelving location Date acquired Source of acquisition Cost, normal purchase price Total Checkouts Full call number Date last seen Copy number Koha item type Date checked out
  Dewey Decimal Classification   Not For Loan Non-fiction Central Library, University of Rajshahi Central Library, University of Rajshahi Reading Room 23/12/2013 Prothoma Prokashona, Dhaka 150.00   B 891.44409 RAR 2002 12/04/2016 C-1 Books  
  Dewey Decimal Classification     Non-fiction Central Library, University of Rajshahi Central Library, University of Rajshahi   23/12/2013 Prothoma Prokashona, Dhaka 150.00   B 891.44409 RAR 2002 12/04/2016 C-2 Books  
  Dewey Decimal Classification     Non-fiction Central Library, University of Rajshahi Central Library, University of Rajshahi   23/12/2013 Prothoma Prokashona, Dhaka 150.00 2 B 891.44409 RAR 2002 20/03/2017 C-3 Books 02/03/2017